Fr. Conceicao Rodrigues College of Engineering

Coating for High Temperature Application (Record no. 34718)

MARC details
000 -LEADER
fixed length control field 00362nam a2200157Ia 4500
082 ## - DEWEY DECIMAL CLASSIFICATION NUMBER
Classification number 667.9
Item number LAN
100 ## - MAIN ENTRY--PERSONAL NAME
Personal name Lang E
245 ## - TITLE STATEMENT
Title Coating for High Temperature Application
260 ## - PUBLICATION, DISTRIBUTION, ETC.
Name of publisher, distributor, etc. Elsevier Applied
Date of publication, distribution, etc. 1983
300 ## - PHYSICAL DESCRIPTION
Extent 442
546 ## - LANGUAGE NOTE
Language note ENGLISH
650 ## - SUBJECT ADDED ENTRY--TOPICAL TERM
Topical term or geographic name entry element Automobiles
654 ## - SUBJECT ADDED ENTRY--FACETED TOPICAL TERMS
Focus term High temperature application
942 ## - ADDED ENTRY ELEMENTS (KOHA)
Koha item type BOOK
Holdings
Withdrawn status Lost status Damaged status Not for loan Collection Home library Current library Date acquired Total Checkouts Full call number Barcode Date last seen Price effective from Koha item type
        CRC Fr. Agnel's C.Rodrigues College of Engineering Fr. Agnel's C.Rodrigues College of Engineering 17/03/2023   667.9 LAN 12408 17/03/2023 17/03/2023 BOOK